01102 a2200145 4500003000500000005001700005040000900022082001200031100001900043245009400062260004100156300001000197505073700207650001200944Nust20221128121333.0 cNust a530,ODA aEdward F o'Day aPhysical Quantities and UnitsbA Self -Instructional programmed Manul / cEdward F.o'Day aNew JerseybPrintice Hall Incc1967 a352:p aAn introduction to the Physical Quantities (Page-7), Quantitative Essentials (Page-29), Average and Instantaneous (Page-49) Newton’s Second Law, and What to do about it (Page-71), The English Absolute and Metric-Gravitational Systems (Page-89), Comparing the Metric to the fps the Metric Prefixes (Page-109), Length Area and Volume (Page-121), Time, Velocity and Acceleration (Page-135), Mass Force and Weight (Page-143), Density and specific Volume (Page-153), Pressure (Page-169), Temperature (Page-183), Work (Page-215), Energy (Page-233), Heat (Page-249), Power (Page-267), Momentum and Impulse (Page-275), Review and Consolidation I (Page-287), Review and Consolidation II (Page-299), Review and Consolidation III (Page-311). aPhysics